LEADER 00740nam0-22002771i-450- 001 990001736900403321 005 20070612110205.0 035 $a000173690 035 $aFED01000173690 035 $a(Aleph)000173690FED01 035 $a000173690 100 $a20030910d1926----km-y0itay50------ba 101 0 $aita 102 $aGB 200 1 $a<>gomma elastica e le calzature 210 $aLondra$cThe Rubber Growwer's Association$d1926. 215 $a39 p, 9 tav.$d25 cm 610 0 $aGomma elastica 676 $a678.3 801 0$aIT$bUNINA$gRICA$2UNIMARC 901 $aBK 912 $a990001736900403321 952 $a60 678.3 B 1$b9403$fFAGBC 959 $aFAGBC 996 $aGomma elastica e le calzature$9364798 997 $aUNINA LEADER 01010nam a2200265 i 4500 001 991002635319707536 008 141125s2013 it b 001 0 ita d 020 $a9788813328603 035 $ab14206821-39ule_inst 040 $aDip. Studi Giuridici$bita 082 04$a343.240742 082 04$a343.240740269 100 1 $aPisapia, Alice$0480247 245 10$aAiuti di Stato :$bprofili sostanziali e rimedi giurisdizionali /$cAlice Pisapia 260 $aPadova :$bCEDAM,$c2013 300 $axvii, 221 p. ;$c24 cm 504 $aCon bibliografia e indice. 650 4$aAziende$xFinanziamenti pubblici$xDiritto comunitario 650 4$aImprese$xFinanziamenti pubblici$zUnione Europea 907 $a.b14206821$b17-12-14$c25-11-14 912 $a991002635319707536 945 $aLE027 343.24 PIS01.01$g1$i2027000329922$lle027$nProf.ssa Perago$op$pE22.50$q-$rl$s- $t0$u3$v1$w3$x0$y.i15651101$z17-12-14 996 $aAiuti di Stato$9257126 997 $aUNISALENTO 998 $ale027$b25-11-14$cm$da $e-$fita$git $h0$i0 LEADER 02819nam 2200457z- 450 001 9910557494203321 005 20211118 035 $a(CKB)5400000000042889 035 $a(oapen)https://directory.doabooks.org/handle/20.500.12854/73762 035 $a(oapen)doab73762 035 $a(EXLCZ)995400000000042889 100 $a20202111d2020 |y 0 101 0 $aeng 135 $aurmn|---annan 181 $ctxt$2rdacontent 182 $cc$2rdamedia 183 $acr$2rdacarrier 200 00$aPerspectives and Theories of Social Innovation for Ageing Population 210 $cFrontiers Media SA$d2020 215 $a1 online resource (186 p.) 311 08$a2-88963-620-8 330 $aIn recent years we may observe increasing interest in the development of social innovation both regarding theory as well as the practice of responding to social problems and challenges. One of the crucial challenges at the beginning of the 21st century is population ageing. Various new and innovative initiatives, programs, schemes, and projects to respond to negative consequences of this demographic process are emerging around the world. However, social theories related to ageing are still insufficiently combined with these new practices, social movements, organisational models, and institutions. Many scholars are still using notions and tools from classical theories of social gerontology or the sociology of ageing such as disengagement theory, activity theory, and successful and productive ageing. Such theories do not sufficiently explain ageing in the context of, for example, a broad use of the information and communications technologies (ICTs) including robotics and automation, new healthcare and long-term care models, advancements in the development and governance of age-friendly environments, and public engagement of older adults into co-production of services delivered by public, private, non-governmental as well as non-formal entities. In this Research Topic colect articles critically evaluating the existing social perspectives and theories in the field of ageing, introducing innovative approaches and comparative studies 606 $aSociety & social sciences$2bicssc 606 $aSociology$2bicssc 610 $aage-friendly 610 $aageing 610 $acaregivers 610 $ahealthcare 610 $apublic health 610 $asocial gerontology 610 $asocial innovation 615 7$aSociety & social sciences 615 7$aSociology 700 $aKlimczuk$b Andrzej$4edt$0976947 702 $aTomczyk$b ?ukasz$4edt 702 $aKlimczuk$b Andrzej$4oth 702 $aTomczyk$b ?ukasz$4oth 906 $aBOOK 912 $a9910557494203321 996 $aPerspectives and Theories of Social Innovation for Ageing Population$93031058 997 $aUNINA